[Event "AUTO-INT-11"]
[Site "http://www.queenalice.com/game.php?id=50433"]
[Date "2006.2.1"]
[Round "2"]
[White "andi_g"]
[Black "Pestilence"]
[Result "0-1"]
[WhiteElo "1185"]
[BlackElo "1687"]

1. e3 d5 2. c4 dxc4 3. Bxc4 Nf6 4. Qf3 e5 5. Nc3 Bc5 6. Ne4 Nc6 7. Nxc5 Bg4 8.
Qg3 O-O 9. Nxb7 Qe7 10. h3 Bh5 11. Qh2 Rab8 12. g4 Bg6 13. f4 Rxb7 14. f5 Nd4
15. exd4 exd4+ 16. Qe2 c5 0-1

[Event "Challenge"]
[Site "http://www.queenalice.com/game.php?id=60129"]
[Date "2006.3.29"]
[Round "-"]
[White "li2carpio"]
[Black "Pestilence"]
[Result "1-0"]
[WhiteElo "1803"]
[BlackElo "1636"]

1. e4 e5 2. Nf3 Nc6 3. Nc3 g6 4. Bc4 d6 5. d3 Nf6 6. Bg5 a6 7. h3 Be6 8. Nd5 Bg7
9. c3 Qd7 10. Nxf6+ Bxf6 11. Bxf6 O-O 12. Qd2 1-0

[Event "Challenge"]
[Site "http://www.queenalice.com/game.php?id=60137"]
[Date "2006.3.29"]
[Round "-"]
[White "li2carpio"]
[Black "Pestilence"]
[Result "1-0"]
[WhiteElo "1864"]
[BlackElo "1694"]

1. e4 c5 2. Nf3 d6 3. d4 cxd4 4. Nxd4 Nf6 5. Nc3 a6 6. Bc4 e6 7. O-O b5 8. Be2
e5 9. Nf3 Nc6 10. Bg5 h6 11. Bh4 Be7 12. a3 Qb6 13. Nd5 Nxd5 14. exd5 Bxh4 15.
Nxh4 Nd4 16. Bd3 O-O 17. c3 Bb7 18. cxd4 Rfe8 19. dxe5 dxe5 20. Be4 Rad8 21. Qf3
Qd4 22. Qf5 Bxd5 23. Qh7+ Kf8 24. Nf5 1-0

[Event "AUTO-ADV-122"]
[Site "http://www.queenalice.com/game.php?id=74928"]
[Date "2006.6.7"]
[Round "2"]
[White "cipripereira"]
[Black "Pestilence"]
[Result "0-1"]
[WhiteElo "1668"]
[BlackElo "1690"]

1. Nc3 d5 2. d4 Nf6 3. Nf3 Bf5 4. e3 a6 5. Bd3 e6 6. Bxf5 exf5 7. Qd3 Qd7 8. O-O
Bd6 9. Nh4 g6 10. Nf3 O-O 0-1

[Event "AUTO-ADV-122"]
[Site "http://www.queenalice.com/game.php?id=74930"]
[Date "2006.6.7"]
[Round "2"]
[White "coquin"]
[Black "Pestilence"]
[Result "0-1"]
[WhiteElo "1801"]
[BlackElo "1719"]

1. e4 c5 2. g3 d5 3. Bg2 dxe4 4. Bxe4 e5 5. Ne2 Nf6 6. Bg2 Nc6 7. O-O Bg4 8. h3
Bh5 9. d3 Nd4 10. g4 Nxg4 11. hxg4 Bxg4 12. f3 c4 13. Nxd4 Qxd4+ 14. Rf2 Bc5 15.
Qe2 Bh5 16. dxc4 O-O-O 17. c3 Qd1+ 18. Qxd1 Rxd1+ 19. Bf1 Bxf2+ 20. Kxf2 Rxc1
21. Bd3 Rd8 22. Bf5+ Kb8 23. Ke3 Bg6 24. Bxg6 hxg6 0-1

[Event "AUTO-ADV-122"]
[Site "http://www.queenalice.com/game.php?id=74931"]
[Date "2006.6.7"]
[Round "2"]
[White "Pestilence"]
[Black "coquin"]
[Result "0-1"]
[WhiteElo "1730"]
[BlackElo "1782"]

1. e4 e5 2. f4 exf4 3. Nf3 d6 4. d4 g5 5. h4 Bg4 6. hxg5 Bxf3 7. Qxf3 Qxg5 8.
Bxf4 Qa5+ 9. Nc3 Nd7 10. Bb5 c6 11. Ba4 b5 12. Bb3 Rc8 13. Bh6 Nxh6 14. Rxh6
Bxh6 15. Bxf7+ Kd8 16. Be6 b4 17. Bxd7 bxc3 18. bxc3 Kxd7 19. Rb1 Rhf8 20. Qh3+
Ke8 21. Qxc8+ Qd8 22. Qxc6+ Kf7 23. Rb7+ Kg8 24. Qd7 Qh4+ 25. Ke2 Qf2+ 26. Kd3
Qf1# 0-1

[Event "AUTO-INT-11"]
[Site "http://www.queenalice.com/game.php?id=85339"]
[Date "2006.7.12"]
[Round "3"]
[White "ManofBlack"]
[Black "Pestilence"]
[Result "0-1"]
[WhiteElo "1470"]
[BlackElo "1716"]

1. e4 e5 2. d4 Nc6 3. d5 Nce7 4. d6 Ng6 5. g3 Bxd6 6. Nf3 Nf6 7. Bg5 h6 8. Bc4
hxg5 9. Nxg5 O-O 10. h4 Bb4+ 11. c3 Ba5 12. h5 Ne7 13. h6 g6 14. h7+ Kg7 15. b4
Bb6 16. Qd2 Ng4 17. Kf1 d5 18. exd5 c6 19. d6 Nd5 20. Na3 Qxd6 21. Kg2 Nde3+ 22.
fxe3 Qxd2+ 23. Kf3 Qf2+ 24. Ke4 Qxe3# 0-1

[Event "AUTO-INT-11"]
[Site "http://www.queenalice.com/game.php?id=85340"]
[Date "2006.7.12"]
[Round "3"]
[White "Pestilence"]
[Black "ManofBlack"]
[Result "1-0"]
[WhiteElo "1683"]
[BlackElo "1462"]

1. e4 d5 2. exd5 Qxd5 3. Nc3 Qd8 4. d4 e5 5. dxe5 Qe7 6. Nf3 h6 7. Nd5 Qc5 8.
Be3 Qa5+ 9. Qd2 Qa4 10. Nxc7+ Ke7 11. Qd6# 1-0

[Event "sáo paulo"]
[Site "http://www.queenalice.com/game.php?id=106785"]
[Date "2006.9.16"]
[Round "-"]
[White "val_si"]
[Black "Pestilence"]
[Result "1-0"]
[WhiteElo "1562"]
[BlackElo "1722"]

1. e4 e5 2. d4 Nc6 3. d5 Nce7 4. Bg5 Nf6 5. Bxf6 gxf6 6. d6 cxd6 7. Qxd6 Nf5 8.
Qd1 Nd4 9. c3 Ne6 10. Ne2 Bc5 11. Ng3 d6 12. Bc4 Qc7 13. Nh5 Bxf2+ 14. Kxf2 Qxc4
15. Nxf6+ Kf8 16. Qxd6+ Kg7 17. Qxe5 Qc5+ 18. Qxc5 Nxc5 19. e5 Nd3+ 20. Kg3 Kg6
21. Rf1 Nxe5 22. h3 Nd7 23. Nxd7 Bxd7 24. Na3 Rhe8 25. Rf2 1-0

[Event "Challenge"]
[Site "http://www.queenalice.com/game.php?id=109194"]
[Date "2006.9.23"]
[Round "-"]
[White "gianmario"]
[Black "Pestilence"]
[Result "1-0"]
[WhiteElo "1527"]
[BlackElo "1722"]

1. e4 e5 2. Nf3 f5 3. Nc3 Nc6 4. d4 Bb4 5. Bd3 fxe4 6. Bxe4 d5 7. Bxd5 Qxd5 8.
O-O Nxd4 9. Nxd5 Bd6 10. Nxd4 exd4 11. Re1+ Kd8 12. Qxd4 c6 13. Qxg7 1-0

[Event "1 of 2 (any rating)"]
[Site "http://www.queenalice.com/game.php?id=109528"]
[Date "2006.9.24"]
[Round "-"]
[White "Pestilence"]
[Black "karpano"]
[Result "0-1"]
[WhiteElo "1643"]
[BlackElo "1696"]

1. e4 c5 2. Nf3 d6 3. d4 cxd4 4. Nxd4 a6 5. Nc3 Nf6 6. Bc4 e6 7. O-O b5 8. Bb3
e5 9. Nf5 Nc6 10. Bg5 Bxf5 11. exf5 Be7 12. Nd5 O-O 13. Qd3 Rc8 14. Rad1 Nd4 15.
c3 Nxb3 16. axb3 Nxd5 17. Qxd5 Bxg5 18. Ra1 Rc5 19. Qf3 f6 20. Rxa6 d5 21. Rd1
e4 22. Qe2 Qc8 23. b4 Rc4 24. Rb6 Qxf5 25. Rxb5 Rd8 26. g3 g6 27. h4 Bh6 28. Rb7
g5 29. g4 Qf3 30. Qxf3 exf3 31. h5 Rxg4+ 32. Kh2 Rg2+ 33. Kh3 g4+ 0-1

[Event "2 of 2 (any rating)"]
[Site "http://www.queenalice.com/game.php?id=109529"]
[Date "2006.9.24"]
[Round "-"]
[White "Cassiox"]
[Black "Pestilence"]
[Result "1-0"]
[WhiteElo "1369"]
[BlackElo "1671"]

1. e4 e5 2. Nf3 f5 3. Bc4 fxe4 4. Nxe5 d5 5. Qh5+ g6 6. Nxg6 Nf6 7. Qe5+ Kf7 8.
Nxh8+ Kg8 9. Ng6 hxg6 10. Qg5 dxc4 11. Qxg6+ Bg7 12. d3 cxd3 13. Bh6 Qe7 14. O-O
Bf5 15. Qxf5 Bxh6 16. Nc3 Nbd7 17. Nd5 dxc2 18. Nxe7+ Kf7 19. Qg6+ Kxe7 20. Qxh6
Rg8 21. Qh4 Ne5 22. Rfe1 Rg4 23. Qh6 Nd3 24. Re3 c1=Q+ 25. Rxc1 Nxc1 26. f3 Nd5
27. Rxe4+ Rxe4 28. fxe4 Nf6 29. e5 Ng4 30. Qg7+ 1-0

[Event "Let's Play Chess!"]
[Site "http://www.queenalice.com/game.php?id=110583"]
[Date "2006.9.28"]
[Round "-"]
[White "Marcelo_Araujo"]
[Black "Pestilence"]
[Result "1-0"]
[WhiteElo "1635"]
[BlackElo "1689"]

1. e4 c5 2. Nf3 d6 3. Bc4 Nf6 4. Nc3 Nc6 5. O-O g6 6. d4 e5 7. dxe5 dxe5 8.
Qxd8+ Nxd8 9. Nxe5 Bd6 10. Nd3 Bc7 11. Nxc5 O-O 12. Re1 1-0

[Event "Challenge"]
[Site "http://www.queenalice.com/game.php?id=117783"]
[Date "2006.10.16"]
[Round "-"]
[White "coquin"]
[Black "Pestilence"]
[Result "1-0"]
[WhiteElo "1734"]
[BlackElo "1610"]

1. e4 e5 2. Nf3 Nc6 3. Bb5 a6 4. Ba4 Nf6 5. Bxc6 bxc6 6. Nxe5 Bd6 7. Nf3 Nxe4 8.
O-O O-O 9. d4 h6 10. Be3 Qf6 11. Nbd2 Nxd2 12. Qxd2 c5 13. c3 Bb7 14. dxc5 Be7
15. Qxd7 Bxf3 16. gxf3 Rac8 17. Qg4 c6 18. f4 g6 19. f5 h5 20. Qf4 1-0